000 00608nam a2200205Ia 4500
005 20250326141017.0
008 250326s9999 xx 000 0 und d
020 _a0-07-040274-4
037 _aTextbook
040 _aFMSL
_beng
_cFMSL
041 _aeng
_2eng
084 _aX:8D P0;1
_qFMSL
100 _aBrealey Richard A
245 0 _aPrinciples of corporate ficial
_cBrealey Richard A; Myers Stewart C
250 _a6th
260 _aNew Delhi
_bNew Delhi, Tata McGraw-Hill publishing company ltd.
_c2000
300 _axxiv,1093
942 _cTB
_hX:8D P0;1
999 _c1288283
_d1288283